<?xml version="1.0" encoding="UTF-8"?><?xml-stylesheet type="text/xsl" href="static/style.xsl"?><OAI-PMH xmlns="http://www.openarchives.org/OAI/2.0/" xmlns:xsi="http://www.w3.org/2001/XMLSchema-instance" xsi:schemaLocation="http://www.openarchives.org/OAI/2.0/ http://www.openarchives.org/OAI/2.0/OAI-PMH.xsd"><responseDate>2026-06-01T01:57:48Z</responseDate><request verb="GetRecord" identifier="oai:riuma.uma.es:10630/10052" metadataPrefix="marc">https://riuma.uma.es/rest/oai/request</request><GetRecord><record><header><identifier>oai:riuma.uma.es:10630/10052</identifier><datestamp>2026-02-03T11:46:42Z</datestamp><setSpec>com_10630_2254</setSpec><setSpec>col_10630_37959</setSpec></header><metadata><record xmlns="http://www.loc.gov/MARC21/slim" xmlns:dcterms="http://purl.org/dc/terms/" xmlns:doc="http://www.lyncode.com/xoai" xmlns:xsi="http://www.w3.org/2001/XMLSchema-instance" xsi:schemaLocation="http://www.loc.gov/MARC21/slim http://www.loc.gov/standards/marcxml/schema/MARC21slim.xsd">
   <leader>00925njm 22002777a 4500</leader>
   <datafield ind2=" " ind1=" " tag="042">
      <subfield code="a">dc</subfield>
   </datafield>
   <datafield ind2=" " ind1=" " tag="720">
      <subfield code="a">Atencia-Ruiz, Miguel Alejandro</subfield>
      <subfield code="e">author</subfield>
   </datafield>
   <datafield ind2=" " ind1=" " tag="720">
      <subfield code="a">Joya-Caparrós, Gonzalo</subfield>
      <subfield code="e">author</subfield>
   </datafield>
   <datafield ind2=" " ind1=" " tag="260">
      <subfield code="c">2015-07-08</subfield>
   </datafield>
   <datafield ind2=" " ind1=" " tag="520">
      <subfield code="a">This paper proposes an adaptative control algorithm, which is designed by adding a parametric identification method to a non-linear controller. The identification module is built upon the Hopfield neural network, resulting&#xd;
in an unconventional network with time-varying weights and biases. The convergence of the estimations of the parameters of a dynamical system was proved in previous work, as long as the system inputs can be freely manipulated to provide persistent excitation. Henceforth the behaviour of the closed-loop system, when the inputs result from the controller equations, is here analyzed in order to assess both the tracking performance of the full adaptive controller and the identification ability of the neural estimator. The algorithm is applied to an idealized robotic system with two joints, whose positions and velocities are required to follow, as closely as possible, a prescribed reference trajectory. The simulation results show a satisfactory control performance, since the demanded trajectory is almost accurately followed. The estimated values also converge to the correct parameters, as long as the&#xd;
controller provides sufficiently rich signals to the system. The results are similar to a conventional least-squares adaptive controller, with a much lower computational cost.</subfield>
   </datafield>
   <datafield ind1="8" ind2=" " tag="024">
      <subfield code="a">http://hdl.handle.net/10630/10052</subfield>
   </datafield>
   <datafield ind1="8" ind2=" " tag="024">
      <subfield code="a">http://orcid.org/0000-0002-5158-5905</subfield>
   </datafield>
   <datafield tag="653" ind2=" " ind1=" ">
      <subfield code="a">Redes neuronales (Informática)</subfield>
   </datafield>
   <datafield ind2="0" ind1="0" tag="245">
      <subfield code="a">Hopfield networks: from optimization to adaptive control</subfield>
   </datafield>
</record>
</metadata></record></GetRecord></OAI-PMH>